| 000 | 00384nam a2200121 4500 | ||
|---|---|---|---|
| 999 |
_c11102 _d11102 |
||
| 008 | 181012b ||||| |||| 00| 0 eng d | ||
| 100 |
_932120 _aArado, Jennie P. |
||
| 245 |
_a'Bantay Kagubatan': _bDA to launch program for indigenous tribes. _cJennie P. Arado |
||
| 260 |
_aDavao City _bSun Star Davao _cc2018 |
||
| 300 | _apage 8. | ||
| 650 | 0 |
_932121 _aNative peoples. |
|
| 942 |
_2ddc _cPER |
||